000 00699nam a2200205Ia 4500
003 GCL
008 140319s9999 xx 000 0 ara d
040 _aGCL /
_cGCL
082 0 4 _a370.11
_bع ا
100 1 _aعبدالعزيز القوصى
245 1 0 _aاولادنا بين التعليم والتعلم: مجموعة احاديث /
_cعبدالعزيز القوصى
260 _a[S.N] :
_bمكتبة النهضة المصرية ،
_c1985
300 _a159 ص
490 _a
650 0 4 _aتربية الاطفال
650 0 4 _aالتربية والتعليم
650 0 4 _aالتعليم - اغراضه واهدافه
650 0 4 _aسيكولوجية التعلم
942 _2ddc
_cBK
999 _c54021
_d54021